Statistics for 2013 NBA Playoffs

Click here to take the quiz!

General Stats

  • This quiz has been taken 399 times
  • The average score is 22 of 40

Answer Stats

HintAnswer% Correct
First RoundMiami Heat
97%
NBA FinalsMiami Heat
75%
Conference FinalsMiami Heat
75%
Conference SemifinalsMiami Heat
75%
First RoundSan Antonio Spurs
75%
NBA FinalsSan Antonio Spurs
74%
Conference SemifinalsSan Antonio Spurs
73%
Conference FinalsSan Antonio Spurs
72%
First RoundIndiana Pacers
69%
Conference FinalsIndiana Pacers
65%
Conference SemifinalsIndiana Pacers
65%
First RoundOklahoma City Thunder
64%
First RoundChicago Bulls
62%
Conference SemifinalsOklahoma City Thunder
62%
First RoundNew York Knicks
60%
First RoundBoston Celtics
59%
Conference SemifinalsChicago Bulls
57%
First RoundLos Angeles Clippers
57%
First RoundLos Angeles Lakers
56%
First RoundMilwaukee Bucks
56%
First RoundAtlanta Hawks
55%
First RoundBrooklyn Nets
55%
Conference SemifinalsMemphis Grizzlies
55%
Conference SemifinalsNew York Knicks
55%
First RoundMemphis Grizzlies
54%
Conference FinalsMemphis Grizzlies
53%
First RoundGolden State Warriors
52%
First RoundHouston Rockets
52%
Points NBA FinalsLeBron James
52%
Conference SemifinalsGolden State Warriors
50%
Rebounds NBA FinalsTim Duncan
47%
First RoundDenver Nuggets
46%
Assists NBA FinalsLeBron James
46%
Steals NBA FinalsLeBron James
44%
Points PlayoffsKevin Durant
41%
Blocks NBA FinalsC. Bosh / D. Green
40%
Blocks PlayoffsB. Lopez / S. Ibaka
11%
Rebounds PlayoffsKevin Garnett
7%
Assists PlayoffsDeron Williams
5%
Steals PlayoffsMonta Ellis
3%

Score Distribution

Percentile by Number Answered

Percent of People with Each Score

Your Score History

You have not taken this quiz